Statistics for Diaspora-Colombia

Click here to take the quiz!

General Stats

  • This quiz has been taken 162 times
  • The average score is 13 of 15

Answer Stats

Number of immigrantsContinentCountry% Correct
781.838North AmericaUnited States of America
99%
146.582South AmericaChile
96%
59.931South AmericaEcuador
95%
13.922North AmericaMexico
95%
13.352South AmericaPeru
95%
27.714South AmericaArgentina
94%
372.791South AmericaVenezuela
94%
26.325North AmericaCanada
93%
41.885North AmericaPanama
89%
12.331EuropeUnited Kingdom
88%
11.318OceaniaAustralia
86%
10.283EuropeGermany
82%
16.600North AmericaCosta Rica
79%
11.968EuropeItaly
79%
10.000Europethe Netherlands
54%

Score Distribution

Percentile by Number Answered

Percent of People with Each Score

Your Score History

You have not taken this quiz